000 00737nam a2200181 4500
001 148608
003 ES-MaACL
005 20230906202726.0
007 t|
008 070214s1907 fr r ||||1| fre d
100 1 _aStubbs, William.
_9108490
245 1 0 _aHistoire constitutionnelle de l'Angleterre /
_cpar William Stubbs ; edition française avec introduction, notes et études historiques inédites par Ch. Petit-Dutaillis ; traduction du texte anglais d'après la dernière édition par G. Lefebvre.
260 _aParis :
_bV. Giard & E. Brière,
_c1907 (
_eSaint-Amand :
_fBussière)
300 _a2 v. ;
_c22 x 14 cm.
700 1 _aPetit-Dutaillis, Ch.
_991515
700 1 _aLefebvre, G.
_971223
852 _aES-MaACL
_jF-3114-15
999 _c148608
_d148608